Which Country...? - Statistics

General Stats
  • This quiz has been taken 57 times
    45 since last reset
  • The average score is 5 of 10
Answer Stats
Question Answer % Correct
Coldest Average Temperature...
68%
Has had the Larger Empire... (in terms of land area)
63%
Larger in Population...
61%
Most WWI casualties as a percent of the countries' population...
61%
Has won the most battles...
50%
Has a Higher GDP per capita...
47%
Highest Average Temperature...
42%
Higher population density...
42%
Lower population density...
39%
Newest Country... (joined the UN)
24%
No matching quizzes found
Score Distribution
Percent of People with Each Score
Percentile by Number Answered
Your Score History
You have not taken this quiz since the last reset